00422nam a2200133 a 450000500170000000800410001705000170005810000200007524500190009526000350011465000240014999900190017395200960019220140414132101.0100719s19uu xx 00 eng d aERbB43 1979 aIsadora, Rachel aBen's trumpet. aNew York :bScholastic,c1979. aMusical instruments c114458d114458 001040aMUbMUcERd2010-07-19l0oER B43 1979pM6292r2014-04-14 00:00:00w2014-04-14yBK